000 00558nam a2200205 i 4500
001 95067
003 ES-MaACL
005 20230906181628.0
007 t|
008 050520s1956 sp ||||1| spa d
100 1 _aLudwig, Emil.
_974618
245 1 0 _aCuatro
_b: novela /
_cEmil Ludwig; [traducción de Victor Scholz].
260 _aBarcelona :
_bMateu,
_c1956.
300 _a331 p. ;
_c19 cm.
490 1 _apluma
700 1 _aScholz, Víctor.
_9104643
830 0 _apluma
_9181962
852 _aES-MaACL
_jC-11431
_bR.39561
999 _c95067
_d95067